Lord of the Rings.Hobbit/Silmarillion (Hard) - Statistics

General Stats
  • This quiz has been taken 420 times
    415 since last reset
  • The average score is 9 of 15
Answer Stats
Hint Answer % Correct
Who was the first Dark Lord? Melkor
92%
What elven ringmaster did Sauron decieve? Celebrimbor
77%
What was another name for Treebeard? Fangorn
75%
What weed helped Frodo from his stab wound? Athelas
74%
How many people did The One Ring corrupt? 5
70%
What race was Shadowfax from? Mearas
70%
Who created the Dwarves in secret? Aule
69%
Who was the first High King of the Noldor? Finwe
61%
In Doriath lies the Girdle of_ _ _ _ _ _? Melian
57%
Who was "The Great Hound of Valinor"? Huan
51%
What race did Smeagol belong to? Stoor
45%
What befalls Thorin Oakenshield once he takes over Erebor? Dragon Sickness
44%
What elf encountered Frodo,Samwise, and Pippin in the Shire? Gildor Inglorion
43%
Who slayed the dragon Glaurung? Turin Turambar
36%
Which lake did the Elves awaken near? Cuivienen
33%
No matching quizzes found
Score Distribution
Percent of People with Each Score
Percentile by Number Answered
Your Score History
You have not taken this quiz since the last reset